Arte abstracto (hoy) : (Record no. 994)

MARC details
000 -LEADER
campo de control de longitud fija 01994nam a22005057a 4500
008 - DATOS DE LONGITUD FIJA--INFORMACIÓN GENERAL
campo de control de longitud fija 160730s2005 ag||||| |||| 00| 0 spa d
082 04 - NÚMERO DE LA CLASIFICACIÓN DECIMAL DEWEY
Número de clasificación 708
Número de ítem G733a
100 ## - ENTRADA PRINCIPAL--NOMBRE DE PERSONA
Nombre de persona Gradowczyk, Mario H.
9 (RLIN) 5341
245 10 - MENCIÓN DEL TÍTULO
Título Arte abstracto (hoy) :
Resto del título fragilidad + resilencia /
Mención de responsabilidad, etc. Marcelo Gutman...[et. al.] ; curado por Mario H. Gradowczyk.
250 ## - MENCION DE EDICION
Mención de edición 1a ed.
260 ## - PUBLICACIÓN, DISTRIBUCIÓN, ETC.
Lugar de publicación, distribución, etc. Buenos Aires, Argentina :
Nombre del editor, distribuidor, etc. Centro Cultural de España,
Fecha de publicación, distribución, etc. 2005.
300 ## - DESCRIPCIÓN FÍSICA
Extensión 132 p.
Otras características físicas il. col.
500 ## - NOTA GENERAL
Nota general Publicado con motivo de la exposición "Arte Abstracto (hoy) : fargilidad + resiliencia, del 30 de marzo al 27 de mayo del 2005 en el Centro Cultural de España en Buenos Aires, Argentina.
505 0# - NOTA DE CONTENIDO CON FORMATO
Título ¿?
Mención de responsabilidad Lidia Blanco.
Título Arte abstracto (hoy) : fragilidad + resiliencia
Mención de responsabilidad Mario H. Gradowczyk.
Título Obras.
-- Palabras de artista
Mención de responsabilidad Amalia Sato.
Título Cuestionario y respuestas.
-- Créditos.
653 10 - TÉRMINO DE INDIZACIÓN--NO CONTROLADO
Término no controlado Exhibiciones
653 10 - TÉRMINO DE INDIZACIÓN--NO CONTROLADO
Término no controlado Catálogo de exhibición
653 10 - TÉRMINO DE INDIZACIÓN--NO CONTROLADO
Término no controlado Arte contemporáneo
653 10 - TÉRMINO DE INDIZACIÓN--NO CONTROLADO
Término no controlado Arte abstracto
653 10 - TÉRMINO DE INDIZACIÓN--NO CONTROLADO
Término no controlado Pintura abstracta
700 1# - ENTRADA AGREGADA--NOMBRE PERSONAL
Nombre de persona Gutman, Marcelo.
9 (RLIN) 5342
700 1# - ENTRADA AGREGADA--NOMBRE PERSONAL
Nombre de persona Laren, Benito.
9 (RLIN) 5343
700 1# - ENTRADA AGREGADA--NOMBRE PERSONAL
Nombre de persona Bertone, Carla.
9 (RLIN) 5344
700 1# - ENTRADA AGREGADA--NOMBRE PERSONAL
Nombre de persona Vilela, Mariano.
9 (RLIN) 5345
700 1# - ENTRADA AGREGADA--NOMBRE PERSONAL
Nombre de persona Guagnini, Nicolás.
9 (RLIN) 5346
700 1# - ENTRADA AGREGADA--NOMBRE PERSONAL
Nombre de persona Prior, Alfredo.
9 (RLIN) 5347
700 1# - ENTRADA AGREGADA--NOMBRE PERSONAL
Nombre de persona Marcaccio, Fabián.
9 (RLIN) 5348
700 1# - ENTRADA AGREGADA--NOMBRE PERSONAL
Nombre de persona Caro, Marina de.
9 (RLIN) 5349
700 1# - ENTRADA AGREGADA--NOMBRE PERSONAL
Nombre de persona Sagastizábal, Tulio de.
9 (RLIN) 5350
700 1# - ENTRADA AGREGADA--NOMBRE PERSONAL
Nombre de persona Avello, Sergio.
9 (RLIN) 5351
700 1# - ENTRADA AGREGADA--NOMBRE PERSONAL
Nombre de persona Pombo, Marcelo.
9 (RLIN) 5352
700 1# - ENTRADA AGREGADA--NOMBRE PERSONAL
Nombre de persona Ballesteros, Ernesto.
9 (RLIN) 5353
700 1# - ENTRADA AGREGADA--NOMBRE PERSONAL
Nombre de persona Hasper, Graciela.
9 (RLIN) 5354
700 1# - ENTRADA AGREGADA--NOMBRE PERSONAL
Nombre de persona Pombo, Marcelo.
9 (RLIN) 5355
700 1# - ENTRADA AGREGADA--NOMBRE PERSONAL
Nombre de persona Siquier, Pablo.
9 (RLIN) 5356
700 1# - ENTRADA AGREGADA--NOMBRE PERSONAL
Nombre de persona Masvernat, Julia.
9 (RLIN) 5357
700 1# - ENTRADA AGREGADA--NOMBRE PERSONAL
Nombre de persona Cacchiarelli, Natalia.
9 (RLIN) 5358
700 1# - ENTRADA AGREGADA--NOMBRE PERSONAL
Nombre de persona Burgos, Fabián.
9 (RLIN) 5359
700 1# - ENTRADA AGREGADA--NOMBRE PERSONAL
Nombre de persona Maier, Gumier.
9 (RLIN) 5360
700 1# - ENTRADA AGREGADA--NOMBRE PERSONAL
Nombre de persona Dorr, Lucio.
9 (RLIN) 5361
700 1# - ENTRADA AGREGADA--NOMBRE PERSONAL
Nombre de persona Guagnini, Nicolás
9 (RLIN) 5362
700 1# - ENTRADA AGREGADA--NOMBRE PERSONAL
Nombre de persona Lacarra, Silvana.
9 (RLIN) 5363
700 1# - ENTRADA AGREGADA--NOMBRE PERSONAL
Nombre de persona De Volder, Beto.
9 (RLIN) 5364
700 1# - ENTRADA AGREGADA--NOMBRE PERSONAL
Nombre de persona Kacero, Fabio.
9 (RLIN) 5365
700 1# - ENTRADA AGREGADA--NOMBRE PERSONAL
Nombre de persona López, Emiliano.
9 (RLIN) 5366
Holdings
Estatus retirado Estado de pérdida Fuente del sistema de clasificación o colocación Estado de daño No para préstamo Biblioteca de origen Biblioteca actual Ubicación en estantería Fecha de adquisición Total de préstamos Signatura topográfica completa Código de barras Visto por última vez Precio de reemplazo Tipo de ítem Koha
    Clasificación Decimal Dewey     Biblioteca LadoV Biblioteca LadoV   30/07/2016   708 G733a 003903 30/07/2016 30/07/2016 Material 01